| 000 | 00594nam a22001817a 4500 | ||
|---|---|---|---|
| 005 | 20251108164147.0 | ||
| 008 | 250721s9999 xx 000 0 ara d | ||
| 082 | 1 | 4 | _a341.77/مرف |
| 100 | 1 | _aالبارودي، مرفت محمد | |
| 245 | 1 | 0 |
_aالمسؤولية الجنائية للإستخدامات السلمية للطاقة النووية : _bدراسة تأصيليه / |
| 264 | _c[19-]. | ||
| 300 | _a671ص | ||
| 650 | 1 | 7 | _aالقانون الجنائي |
| 650 | 1 | 7 | _aالقانون الدولي |
| 650 | 1 | 7 | _aالطاقة النووية |
| 942 |
_2ddc _cBK |
||
| 999 |
_c5167 _d5167 |
||